Country Quiz: Guinea-Bissau 🇬🇼 - Statistics

General Stats
  • This quiz has been taken 11 times
  • The average score is 12 of 21
Answer Stats
Hint Answer % Correct
Capital Bissau
100%
Bordering Countries Guinea
100%
Bordering Oceans Atlantic ocean
88%
Language Portuguese
88%
Senegal
88%
Climate Tropical
88%
Independence 1974
75%
Time zones 1 (UTC 0)
75%
National Sport Football
75%
Currency Franc
75%
State-Condition Republic
75%
Main Religion Islam
63%
In 1447, they arrived, and between 1879-1970s, this country controlled Guinea-Bissau Portugal
63%
Founding Father Amílcar Lopes Cabral
38%
In 1980, the plans for Guinea-Bissau to be united with this fellow African country were dropped after a military coup Cabo Verde
38%
Prior to European colonisation, Guinea-Bissau was part of this kingdom Mali empire
25%
Nationality Bissau-Guinean
13%
Main Export (goods) Coconuts / Brazil Nuts / Cashews
13%
Second-Largest City Gabú
0%
Most Famous Leader (1994-99 and 2005-09) João Bernardo Vieira
0%
Guinea-Bissau is Africa's only current _____-state Narco-state
0%
No matching quizzes found
Score Distribution
Percent of People with Each Score
Percentile by Number Answered
Your Score History
You have not taken this quiz